000 00541nam a2200181 i 4500
001 51748
003 ES-MaACL
005 20240510063041.0
007 t|
008 030818s1910 it ||||1| ita d
100 1 _aD'Annunzio, Gabriele,
_d1863-1938
_942351
245 1 0 _aLaudi del cielo, del mare, de la terra e degli eroi /
_cGabriele D'Annunzio.
260 _a[Milano :
_bFratelli Treves,
_c1910]
300 _a1 v. ;
_c20 cm.
500 _aEs el Vol. 2ยบ: Slettra.
852 _aES-MaACL
_jF-92307
999 _c51748
_d51748